| 000 | 00851nam a22002657a 4500 | ||
|---|---|---|---|
| 005 | 20170124110234.0 | ||
| 010 | _aA-935587 | ||
| 020 |
_c541.00 _a8170996791 |
||
| 035 | _aA-935587 | ||
| 037 | _bCen Lib/Ret | ||
| 040 |
_aDPL _bEN |
||
| 082 |
_a624.0685 _bSIN |
||
| 100 |
_aSingh, Shailendra K. _9106011 |
||
| 245 |
_aConstruction management / _cby Shailendra K. Singh;Subhash C. Kundu [and] Shobha Singh |
||
| 260 |
_aNew Delhi _bMittal Publications _c1998 |
||
| 270 |
_aA-110, Mohan Garden _bNew Delhi _e110059 |
||
| 300 |
_avi, 248p. _c22cm(Hb) |
||
| 490 | _aHandbook of modern management series -2 | ||
| 500 | _aIncludes index | ||
| 650 |
_aConstruction industry _941847 |
||
| 650 |
_aManagement _93072 |
||
| 700 |
_aKundu, Subhash C. _91313 |
||
| 700 |
_a Singh, Shobha _941848 |
||
| 942 |
_2ddc _cEN _h624.0685 _mSIN |
||
| 999 |
_c134817 _d134817 |
||